Central Library OPAC University of Rajshahi

Five plays / (Record no. 18912)

MARC details
000 -LEADER
fixed length control field 01068nam a2200325 a 4500
001 - CONTROL NUMBER
control field 18912
003 - CONTROL NUMBER IDENTIFIER
rucl marc code BD-RJUL
005 - DATE AND TIME OF LATEST TRANSACTION
control field 20211209000344.0
008 - FIXED-LENGTH DATA ELEMENTS--GENERAL INFORMATION
fixed length control field 750112s1953 enkh 010 d eng
035 ## - SYSTEM CONTROL NUMBER
System control number (BD-RJUL)18970
System control number 7390031395
System control number (IeDuTC)b11694070
System control number (UkLCURL)08b11694070
038 ## - RECORD CONTENT LICENSOR
Record content licensor UkLCURL
040 ## - CATALOGING SOURCE
Original cataloging agency Uk
Modifying agency IeDuTC
Language of cataloging eng
Transcribing agency BD-RjUL
041 ## - LANGUAGE CODE
Language code of text/sound track or separate title eng
082 04 - DEWEY DECIMAL CLASSIFICATION NUMBER
Classification number 822.3
Author mark and year JOF 1953
090 ## - LOCALLY ASSIGNED LC-TYPE CALL NUMBER (OCLC); LOCAL CALL NUMBER (OCLC)
Classification number (OCLC) (R) ; Classification number, CALL (RLIN) (NR) TCD
Local cutter number (OCLC) ; Book number/undivided call number, CALL (RLIN) STACK 828.3 JON:2 J3;1 1966 reprint
-- ARTS 828.3 JON:2 J3
-- ARTS 828.3 JON:2 J3;2
100 1# - MAIN ENTRY--PERSONAL NAME
Personal name Jonson, Ben,
Dates associated with a name 1573?-1637.
9 (RLIN) 58310
245 10 - TITLE STATEMENT
Title Five plays /
Statement of responsibility, etc. by Ben Jonson.
260 ## - PUBLICATION, DISTRIBUTION, ETC. (IMPRINT)
Place of publication, distribution, etc. London :
Name of publisher, distributor, etc. Geoffrey Cumberlege, Oxford University Press,
Date of publication, distribution, etc. 1953.
300 ## - PHYSICAL DESCRIPTION
Pagination [6], 569 p. :
Illustrations facsims. ;
Size 16 cm.
490 1# - SERIES STATEMENT
Series statement World's classics ;
Volume/sequential designation 524
500 ## - GENERAL NOTE
General note Facsimile title page of each play.
505 0# - FORMATTED CONTENTS NOTE
Formatted contents note Contents: Every man in his humour.- Sejanus.- Volpone, or The fox.- The alchemist.- Bartholomew fair.
830 #0 - SERIES ADDED ENTRY--UNIFORM TITLE
Volume number/sequential designation 524
Uniform title World's classics ;
942 ## - ADDED ENTRY ELEMENTS (KOHA)
Source of classification or shelving scheme Dewey Decimal Classification
Koha item type Books
Holdings
Lost status Source of classification or shelving scheme Damaged status Not for loan Collection code Permanent Location Current Location Shelving location Date acquired Source of acquisition Cost, normal purchase price Total Checkouts Full call number Date last seen Copy number Koha item type
  Dewey Decimal Classification   Not For Loan Fiction Central Library, University of Rajshahi Central Library, University of Rajshahi Reading Room 25/10/1954 O.U.P. 4.12   822.3 JOP 1953 22/02/2014 C-1 Books
  Dewey Decimal Classification     Fiction Central Library, University of Rajshahi Central Library, University of Rajshahi   09/05/1974 Oxford University Press 11.00   822.3 JOF 1953 23/02/2014 C-5 Books
  Dewey Decimal Classification       Central Library, University of Rajshahi Central Library, University of Rajshahi   22/01/1955 M. B. P 5.50   822.3 JOF 1953 23/02/2014 C-4 Books
  Dewey Decimal Classification     Fiction Central Library, University of Rajshahi Central Library, University of Rajshahi   19/09/1955 B. H. Blackwell 75.00   822.3 JOF 1953 29/11/2016 C-2 Books
  Dewey Decimal Classification     Fiction Central Library, University of Rajshahi Central Library, University of Rajshahi General Stacks 22/01/1955 O.U.P. 5.50   822.3 JOF 1953 18/10/2022 C-3 Books
  Dewey Decimal Classification     Fiction Central Library, University of Rajshahi Central Library, University of Rajshahi General Stacks 22/01/1955 O.U.P. 5.50   822.3 JOF 1953 18/10/2022 C-6 Books